The Shell Bitumen handbook (Record no. 548478)
[ view plain ]
| 000 -LEADER | |
|---|---|
| fixed length control field | 00698cam a22002177a 4500 |
| 020 ## - INTERNATIONAL STANDARD BOOK NUMBER | |
| International Standard Book Number | 072773220X |
| 082 04 - DEWEY DECIMAL CLASSIFICATION NUMBER | |
| Classification number | 660.294541 |
| Author Mark | INS |
| -- | N-1, P-97 |
| 100 1# - MAIN ENTRY--PERSONAL NAME | |
| Personal name | Read, John, |
| 9 (RLIN) | 44790 |
| 245 14 - TITLE STATEMENT | |
| Title | The Shell Bitumen handbook |
| Statement of responsibility, etc. | [authors, John Read, David Whiteoak ; technical editor Robert N. Hunter]. |
| 250 ## - EDITION STATEMENT | |
| Edition statement | 5th ed. |
| 260 ## - PUBLICATION, DISTRIBUTION, ETC. | |
| Place of publication, distribution, etc. | London : |
| Name of publisher, distributor, etc. | Thomas Telford, |
| Date of publication, distribution, etc. | 2003. |
| 500 ## - GENERAL NOTE | |
| General note | Includes index. |
| 526 ## - STUDY PROGRAM INFORMATION NOTE | |
| Program name | 0 |
| Interest level | 0 |
| Reading level | 0 |
| Title point value | 660_294541000000000_INS |
| 650 #0 - SUBJECT ADDED ENTRY--TOPICAL TERM | |
| Topical term or geographic name entry element | Bitumen |
| 650 #0 - SUBJECT ADDED ENTRY--TOPICAL TERM | |
| Topical term or geographic name entry element | MCE |
| 9 (RLIN) | 379 |
| 700 1# - ADDED ENTRY--PERSONAL NAME | |
| Personal name | Hunter, Robert N. |
| 9 (RLIN) | 44791 |
| 700 1# - ADDED ENTRY--PERSONAL NAME | |
| Personal name | Whiteoak, David. |
| 9 (RLIN) | 44792 |
| 710 2# - ADDED ENTRY--CORPORATE NAME | |
| Corporate name or jurisdiction name as entry element | Shell Bitumen. |
| 9 (RLIN) | 44793 |
| 856 40 - ELECTRONIC LOCATION AND ACCESS | |
| Uniform Resource Identifier | <a href="http://www.columbia.edu/cgi-bin/cul/resolve?clio9293001">http://www.columbia.edu/cgi-bin/cul/resolve?clio9293001</a> |
| 942 ## - ADDED ENTRY ELEMENTS (KOHA) | |
| Source of classification or shelving scheme | |
| Koha item type | Book |
| Withdrawn status | Lost status | Source of classification or shelving scheme | Damaged status | Not for loan | Permanent Location | Current Location | Date acquired | Total Checkouts | Full call number | Barcode | Date last seen | Price effective from | Koha item type |
|---|---|---|---|---|---|---|---|---|---|---|---|---|---|
| Military College of Engineering (MCE) | Military College of Engineering (MCE) | 08/28/2014 | 660.294541 INS | MCE-36682 | 08/28/2014 | 08/28/2014 | Book |
